000 00768nam a2200229Ii 4500
003 JO-AjNU
008 230605s9999||||xx |||||||||||||| ||und||
017 _a2004/14882
020 _a977-327-498-5
040 _aJO-AjNU
_bara
_erda
_cJO-AjNU
041 _aara
050 1 4 _aBP170.M8464 2004
100 3 _aعبده، محمد ، تحقيق ودراسة: عاطف العراقي,
_eauthor
_915346
245 0 0 _aالإسلام دين العلم والمدنية
250 _aط4
264 3 1 _aالاسكندرية: دار الوفاء لدنيا الطباعة والنشر، 2004
300 _a223ص
336 _atext
_btxt
_2rdacontent
337 _aunmediated
_bn
_2rdamedia
338 _avolume
_bnc
_2rdacarrier
650 4 _aفلسفة إسلامية
_915347
999 _aA4311
_c7879
_d7879